[Event "Gibraltar Masters"]
[Site "Caleta ENG"]
[Date "2011.02.01"]
[Round "8.46"]
[White "Daurelle, Herve"]
[Black "Stokke, Kjetil"]
[Result "1/2-1/2"]
[BlackTitle "FM"]
[WhiteElo "2243"]
[BlackElo "2413"]
[WhiteFideId "602655"]
[BlackFideId "1502964"]
[EventDate "2011.01.25"]
[EventType "swiss"]

1. e4 c5 2. Nf3 g6 3. d4 Bg7 4. Nc3 Qa5 5. Be2 Nc6 6. Be3 Nf6 7. O-O Ng4 8. Bd2
cxd4 9. Nxd4 Nxd4 10. Bxg4 d6 11. Bxc8 Rxc8 12. Nd5 Qb5 13. c3 Nc6 14. a4 Qd3
15. Re1 O-O 16. Re3 Qc4 17. b3 Qc5 18. Qe2 Qa5 19. Qb5 Qa6 20. Rd1 e6 21. Nf4
Ne5 22. Ne2 Qc6 23. Nd4 Qc7 24. Qe2 a6 25. Rh3 Rfe8 26. Qe1 Nc6 27. Nxc6 Qxc6
28. Rd3 d5 29. exd5 exd5 30. Qf1 Qb6 31. b4 Qc6 32. a5 Qb5 33. g3 Re4 34. Qh3
Ree8 35. Bh6 Rxc3 36. Rxd5 Qxb4 37. Bd2 Qe7 38. Bxc3 Bxc3 39. Qd7 Qxd7 40. Rxd7
Bxa5 41. Rxb7 Re6 42. Ra1 Bc3 43. Ra3 Rc6 44. Rb8+ Kg7 45. Ra8 a5 46. Rxc3 1/2-1/2

[Event "Gibraltar Masters"]
[Site "Caleta ENG"]
[Date "2011.02.01"]
[Round "8.47"]
[White "Cramling, Pia"]
[Black "Navarrete Espi, Samuel"]
[Result "1/2-1/2"]
[WhiteTitle "GM"]
[WhiteElo "2516"]
[BlackElo "2095"]
[WhiteFideId "1700030"]
[BlackFideId "2237725"]
[EventDate "2011.01.25"]
[EventType "swiss"]

1. d4 Nf6 2. c4 g6 3. Nc3 Bg7 4. e4 d6 5. Bg5 O-O 6. Qd2 Qe8 7. Be2 e5 8. d5 a5
9. Bd1 Na6 10. Nge2 Nd7 11. Nc1 f5 12. f3 Ndc5 13. b3 Qf7 14. a3 Bd7 15. Rb1
fxe4 16. fxe4 b5 17. cxb5 Bxb5 18. Bf3 Rab8 19. b4 axb4 20. axb4 Nd7 21. Nxb5
Rxb5 22. O-O Qe8 23. Be2 Rxf1+ 24. Bxf1 Rb6 25. Be3 Nac5 26. Qc2 Qb8 27. Na2 Nf6
28. Re1 Ncxe4 29. Bd3 Rxb4 30. Nxb4 Qxb4 31. Rb1 Qc3 32. Qb3 Bh6 33. Ba7 Kg7 34.
Kh1 Bf4 35. Bxe4 Nxe4 36. Qb5 Nf6 37. Rf1 h5 38. Rd1 h4 39. Qc6 Qxc6 40. dxc6 d5
41. Bb6 Ne8 42. Bf2 d4 43. Bxh4 Kf7 44. Bf2 Ke6 45. g3 Bh6 46. Bxd4 exd4 47.
Rxd4 Nd6 48. Kg2 Bg7 49. Rg4 Kf5 50. Rf4+ Ke5 51. Rg4 Kf5 52. Ra4 Be5 53. h4 Ke6
54. Rg4 Kf6 55. Ra4 Nf5 56. Ra3 Ke6 57. Kh3 Bxg3 1/2-1/2

[Event "Gibraltar Masters"]
[Site "Caleta ENG"]
[Date "2011.02.01"]
[Round "8.48"]
[White "Sarkar, Justin"]
[Black "Urbina Perez, Juan Antonio"]
[Result "1/2-1/2"]
[WhiteTitle "IM"]
[BlackTitle "CM"]
[WhiteElo "2418"]
[BlackElo "2189"]
[WhiteFideId "2010011"]
[BlackFideId "2217368"]
[EventDate "2011.01.25"]
[EventType "swiss"]

1. d4 Nf6 2. c4 e6 3. Nc3 d5 4. cxd5 exd5 5. Bg5 Nbd7 6. e3 Be7 7. Bd3 c6 8.
Nge2 Nh5 9. Bxe7 Qxe7 10. h3 g6 11. g4 Ng7 12. Ng3 h5 13. Qf3 hxg4 14. hxg4
Rxh1+ 15. Qxh1 Nf6 16. Qh8+ Qf8 17. Qxf8+ Kxf8 18. f3 Be6 19. b4 a6 20. a4 Nd7
21. a5 Ne8 22. g5 Nd6 23. Kf2 Kg7 24. Rh1 Rh8 25. Rxh8 Kxh8 26. e4 Kg7 27. Nge2
dxe4 28. fxe4 Bc4 29. Ke3 Bxd3 30. Kxd3 b6 31. axb6 Nxb6 32. Nc1 Ne8 33. Nb3 Nd7
34. Na5 Nb8 35. Kc4 Nc7 36. Kc5 Ne6+ 37. Kd6 Nxd4 38. Kc7 Ne6+ 39. Kxb8 c5 40.
bxc5 Nxc5 41. Kc7 Ne6+ 42. Kd6 Nxg5 43. Kd5 Nxe4 44. Kxe4 Kf6 45. Nc6 Ke6 46.
Nd8+ Ke7 47. Nb7 Ke6 48. Nc5+ Kd6 49. Nxa6 f5+ 50. Kf4 g5+ 51. Kxf5 g4 52. Ne4+
Kd5 53. Ng3 Kd6 54. Ke4 Kc6 55. Kd4 Kb5 56. Nc5 Kc6 57. Nce4 Kb5 58. Kc3 Kb6 59.
Kb4 Ka6 60. Kc5 Kb7 61. Kd6 Kb6 62. Nc3 Kb7 63. Nd5 Kb8 64. Kc6 Kc8 65. Nc7 Kb8
66. Ne6 Kc8 67. Kd6 Kb7 68. Kc5 Ka6 69. Nd8 Ka7 70. Kc6 Ka6 71. Nb7 Ka7 72. Nc5
Ka8 73. Kc7 Ka7 74. Nd7 Ka8 75. Nf6 Ka7 76. Nd5 Ka8 77. Kb6 Kb8 78. Nc7 Kc8 79.
Na6 Kd7 80. Kc5 Kd8 81. Kd6 Kc8 82. Kc6 Kd8 83. Nc5 Kc8 84. Nd7 Kd8 85. Nb6 Ke7
86. Kd5 Kd8 87. Kd6 Ke8 88. Nd5 Kf7 89. Kd7 Kf8 90. Ke6 Ke8 91. Ne7 Kd8 92. Kd6
Ke8 93. Nc6 Kf7 94. Ke5 Kf8 95. Kf6 Ke8 96. Ke6 Kf8 97. Ne5 Ke8 98. Nf7 Kf8 99.
Nd6 Kg7 100. Kf5 Kf8 101. Kf6 Kg8 102. Ndf5 1/2-1/2

[Event "Gibraltar Masters"]
[Site "Caleta ENG"]
[Date "2011.02.01"]
[Round "8.49"]
[White "Dougherty, Michael"]
[Black "Bellon Lopez, Juan Manuel"]
[Result "1-0"]
[WhiteTitle "FM"]
[BlackTitle "GM"]
[WhiteElo "2183"]
[BlackElo "2404"]
[WhiteFideId "2601559"]
[BlackFideId "2200031"]
[EventDate "2011.01.25"]
[EventType "swiss"]

1. Nf3 e6 2. d4 c5 3. e3 Nf6 4. Bd3 b6 5. O-O Bb7 6. c4 Be7 7. Nc3 d6 8. b3 Nbd7
9. Bb2 a6 10. Qe2 O-O 11. Rad1 Re8 12. e4 cxd4 13. Nxd4 Qc7 14. f4 Bf8 15. Kh1
g6 16. Nf3 Nh5 17. Ng5 Bg7 18. Bb1 Rad8 19. Qf2 h6 20. Nh3 Nhf6 21. Qh4 Nc5 22.
Nf2 Qe7 23. e5 dxe5 24. fxe5 Rxd1 25. Nfxd1 Nfe4 26. Qxe7 Rxe7 27. Nxe4 Bxe4 28.
Bxe4 Nxe4 29. Bd4 Rd7 30. Bxb6 1-0

[Event "Gibraltar Masters"]
[Site "Caleta ENG"]
[Date "2011.02.01"]
[Round "8.53"]
[White "Getz, Nicolai"]
[Black "Groffen, Hans"]
[Result "1/2-1/2"]
[WhiteTitle "FM"]
[WhiteElo "2334"]
[BlackElo "2169"]
[WhiteFideId "1505572"]
[BlackFideId "1004140"]
[EventDate "2011.01.25"]
[EventType "swiss"]

1. e4 e6 2. d4 d5 3. Nc3 Nf6 4. e5 Nfd7 5. f4 c5 6. Nf3 Nc6 7. Be3 cxd4 8. Nxd4
Qb6 9. Ncb5 a6 10. Nf5 Bc5 11. Bxc5 Nxc5 12. Nbd6+ Kf8 13. Ng3 Qxb2 14. Rb1 Qc3+
15. Qd2 Qxd2+ 16. Kxd2 b5 17. Bd3 g6 18. Ne2 Bd7 19. c3 Ke7 20. Nd4 Na5 21. Bc2
Nc4+ 22. Nxc4 dxc4 23. h4 h5 24. Ke3 Rhc8 25. Rhd1 Bc6 26. g3 Rc7 27. Rb2 1/2-1/2

[Event "Gibraltar Masters"]
[Site "Caleta ENG"]
[Date "2011.02.01"]
[Round "8.54"]
[White "Kolbus, Dietmar"]
[Black "Vaarala, Eric"]
[Result "1-0"]
[WhiteTitle "IM"]
[WhiteElo "2332"]
[BlackElo "2152"]
[WhiteFideId "4610628"]
[BlackFideId "1711962"]
[EventDate "2011.01.25"]
[EventType "swiss"]

1. e4 c5 2. c3 d5 3. exd5 Qxd5 4. d4 Nc6 5. dxc5 Qxd1+ 6. Kxd1 Bg4+ 7. Be2
O-O-O+ 8. Ke1 Bxe2 9. Kxe2 a5 10. Nf3 e5 11. Ng5 Nh6 12. Ne4 f5 13. Bxh6 gxh6
14. Ng3 Rg8 15. Rg1 Rg5 16. h4 Rg4 17. Nxf5 Rf4 18. Ne3 Rxh4 19. Nd2 Bxc5 20. g3
Rh5 21. Ne4 Bxe3 22. Kxe3 Ne7 23. Rad1 Rf8 24. Ke2 Kc7 25. Rd3 Nc8 26. Rgd1 Rf7
27. Rd8 Rhf5 28. Rxc8+ Kxc8 29. Nd6+ Kc7 30. Nxf7 Rxf7 31. Rd5 Re7 32. Rxa5 Kc6
33. Ke3 b6 34. Ra4 Kd5 35. Rb4 Re6 36. Rb5+ Kc4 37. a4 h5 1-0

[Event "Gibraltar Masters"]
[Site "Caleta ENG"]
[Date "2011.02.01"]
[Round "8.55"]
[White "Dittmar, Peter"]
[Black "Daumen, Michael"]
[Result "1-0"]
[WhiteTitle "FM"]
[WhiteElo "2328"]
[BlackElo "2130"]
[WhiteFideId "4602064"]
[BlackFideId "4672283"]
[EventDate "2011.01.25"]
[EventType "swiss"]

1. c4 e5 2. g3 d6 3. Bg2 f5 4. Nc3 Nf6 5. Nf3 Be7 6. d3 O-O 7. O-O Qe8 8. b4 Qh5
9. Nd5 Nxd5 10. cxd5 g5 11. Qc2 c6 12. dxc6 Nxc6 13. b5 Nd8 14. Ba3 Nf7 15. Qb3
Kg7 16. Rac1 Qg6 17. Nd2 Be6 18. Bd5 Bxd5 19. Qxd5 b6 20. Rc7 Qf6 21. Rfc1 a6
22. bxa6 Rxa6 23. Bb4 Raa8 24. g4 Rae8 25. R1c6 Kh8 26. a3 h5 27. gxf5 Qxf5 28.
Qe4 Qf6 29. Qe3 Nd8 30. Ne4 Qe6 31. Rxb6 Qg4+ 32. Kh1 Ne6 33. h3 Qf5 34. Rxe7
Rxe7 35. Bxd6 Ref7 36. Bxf8 Rxf8 37. Kh2 Nf4 38. Nd6 1-0

[Event "Gibraltar Masters"]
[Site "Caleta ENG"]
[Date "2011.02.01"]
[Round "8.60"]
[White "Collier, David O"]
[Black "Oberhofer, Andre"]
[Result "1/2-1/2"]
[WhiteElo "2108"]
[BlackElo "2270"]
[WhiteFideId "406422"]
[BlackFideId "24654140"]
[EventDate "2011.01.25"]
[EventType "swiss"]

1. d4 d5 2. c4 e6 3. Nc3 Nf6 4. Bg5 Be7 5. e3 O-O 6. Qc2 Nbd7 7. cxd5 exd5 8.
Bd3 Re8 9. Nge2 Nf8 10. O-O c6 11. Rab1 Be6 12. Rfe1 Rc8 13. b4 Nh5 14. Bxe7
Qxe7 15. Na4 Qh4 16. Nc5 Re7 17. Nxe6 fxe6 18. g3 Qg5 19. f4 Qh6 20. g4 Nf6 21.
g5 Qh3 22. gxf6 Qxe3+ 23. Kg2 gxf6 24. Ng3 Qxf4 25. Qf2 Ng6 26. Rf1 Qxf2+ 27.
Rxf2 Rf8 28. Nh5 f5 29. Re1 Kf7 30. Kf1 Ke8 31. Nf4 Nxf4 32. Rxf4 Rg8 33. Kf2
Rg6 34. Rg1 Kf7 35. Rh4 Kf6 36. Rg3 Reg7 37. Be2 e5 38. dxe5+ Kxe5 39. Bh5 f4
40. Rgg4 Rxg4 41. Bxg4 Rf7 42. Be2 Kd4 43. Rh3 f3 44. Bxf3 Kc3 45. a3 d4 46. Ke1
Re7+ 47. Be2+ Re3 48. Rxe3+ dxe3 49. b5 Kb3 50. bxc6 bxc6 51. Bd3 h6 52. Ke2 c5
53. Kxe3 c4 54. Be4 Kxa3 55. Kd4 Kb4 56. Bc2 a6 57. h4 1/2-1/2

[Event "Gibraltar Masters"]
[Site "Caleta ENG"]
[Date "2011.02.01"]
[Round "8.61"]
[White "Tari, Aryan"]
[Black "Sipila, Vilka"]
[Result "0-1"]
[WhiteElo "2097"]
[BlackElo "2269"]
[WhiteFideId "1510045"]
[BlackFideId "505455"]
[EventDate "2011.01.25"]
[EventType "swiss"]

1. e4 c5 2. Nf3 g6 3. d4 cxd4 4. Nxd4 Nc6 5. Be3 Nf6 6. Nc3 Bg7 7. Bc4 O-O 8.
Bb3 Ng4 9. Qxg4 Nxd4 10. Qd1 Nxb3 11. axb3 Qc7 12. O-O Bxc3 13. bxc3 Qxc3 14.
Rxa7 Rxa7 15. Bxa7 d6 16. Bd4 Qc6 17. Re1 e5 18. Bb2 Be6 19. Qd3 Ra8 20. Ra1
Rxa1+ 21. Bxa1 f5 22. f3 Qc5+ 23. Kf1 Kf7 24. Bc3 Ke7 25. Bd2 Bd7 26. Qd5 Qxd5
27. exd5 f4 28. Ke2 Bf5 29. Kd1 g5 30. c4 Bd3 31. Bb4 b6 32. Ba3 Kd7 33. Kd2 Bg6
34. Bb2 Bb1 35. Bc3 Ke7 36. Bb2 h5 37. Bc3 Bg6 38. Kd1 Bd3 39. Kd2 Bg6 40. Kd1
h4 41. Kd2 b5 42. c5 Bf7 43. cxd6+ Kxd6 44. Bb4+ Kxd5 45. Be7 h3 46. gxh3 Bh5
47. Bxg5 Bxf3 48. b4 Ke4 49. Bd8 Bh5 50. Bc7 Kf5 51. Bb8 e4 52. Bc7 Bf7 53. Bd8
Bc4 54. Kc3 Bf1 55. Kd4 Bxh3 56. Bh4 Kg4 57. Be1 Kf3 58. Bh4 e3 59. Kd3 Bf5+ 60.
Kd4 Ke2 61. Bg5 Kf3 62. Bh4 Kg4 63. Be1 Kh3 64. Bc3 Kxh2 65. Be1 Kg2 66. Bh4 e2 0-1

[Event "Gibraltar Masters"]
[Site "Caleta ENG"]
[Date "2011.02.01"]
[Round "8.62"]
[White "Itkis, Hana"]
[Black "Sanchez, Louis"]
[Result "1-0"]
[WhiteTitle "WFM"]
[BlackTitle "FM"]
[WhiteElo "2084"]
[BlackElo "2262"]
[WhiteFideId "2020190"]
[BlackFideId "624225"]
[EventDate "2011.01.25"]
[EventType "swiss"]

1. c4 Nf6 2. Nc3 g6 3. g3 Bg7 4. Bg2 O-O 5. Nf3 d6 6. O-O e5 7. d3 Nh5 8. Rb1 f5
9. c5 d5 10. Qb3 c6 11. e4 Kh8 12. exd5 Na6 13. dxc6 bxc6 14. Qc4 Rb8 15. a3 Nc7
16. Qa4 Nb5 17. Nxb5 Rxb5 18. Qc2 Be6 19. b4 a5 20. Bb2 Ba2 21. Ra1 Bd5 22. Nxe5
Bxg2 23. Kxg2 Qd5+ 24. Nf3 axb4 25. Bxg7+ Nxg7 26. axb4 Rxb4 27. Rfe1 Rb3 28.
Re5 Qxd3 29. Qxd3 Rxd3 30. Re7 f4 31. g4 Rg8 32. Ne5 1-0

[Event "Gibraltar Masters"]
[Site "Caleta ENG"]
[Date "2011.02.01"]
[Round "8.63"]
[White "Henriksson, Johan"]
[Black "Montabord, Manuel"]
[Result "1-0"]
[WhiteElo "2243"]
[BlackElo "2063"]
[WhiteFideId "1703560"]
[BlackFideId "614386"]
[EventDate "2011.01.25"]
[EventType "swiss"]

1. d4 Nf6 2. Nf3 g6 3. g3 Bg7 4. Bg2 d6 5. O-O O-O 6. c4 Nc6 7. Nc3 a6 8. b3 Rb8
9. Bb2 b5 10. cxb5 axb5 11. d5 Na7 12. a4 c5 13. dxc6 bxa4 14. Nd2 Qc7 15. Nxa4
Nxc6 16. Rc1 Bd7 17. Rc2 Rfc8 18. Qa1 Qd8 19. Rfc1 Na5 20. Rxc8 Bxc8 21. Qa3 Bb7
22. b4 Bxg2 23. Kxg2 Nb7 24. Qc3 e5 25. Nc4 Nd7 26. Qd2 Qe7 27. e4 f5 28. exf5
gxf5 29. Na5 Nd8 30. Nc6 Nxc6 31. Rxc6 Nf6 32. Qxd6 Qxd6 33. Rxd6 Rxb4 34. Bxe5
Ne8 35. Rd8 Rxa4 36. Bxg7 Kxg7 37. Rxe8 h5 38. Kh3 Ra2 39. f4 Rb2 40. Re6 Rf2
41. Rc6 Ra2 42. Kh4 Rxh2+ 43. Kg5 Rh3 44. Rg6+ Kf7 45. Kxf5 h4 46. g4 Rh1 47.
Rh6 h3 48. Kg5 h2 49. f5 Kg7 50. f6+ Kf7 51. Rh7+ Ke6 52. Rh5 Rf1 53. Rxh2 Rxf6
54. Rh6 1-0

[Event "Gibraltar Masters"]
[Site "Caleta ENG"]
[Date "2011.02.01"]
[Round "8.64"]
[White "McKenna, Jason P"]
[Black "Zygouris, Hristos"]
[Result "0-1"]
[WhiteElo "2062"]
[BlackElo "2215"]
[WhiteFideId "403857"]
[BlackFideId "4200292"]
[EventDate "2011.01.25"]
[EventType "swiss"]

1. e4 e6 2. d4 d5 3. Nc3 Nf6 4. e5 Nfd7 5. f4 c5 6. Nf3 Nc6 7. Be3 Qb6 8. Na4
Qa5+ 9. c3 cxd4 10. b4 Nxb4 11. cxb4 Bxb4+ 12. Bd2 Bxd2+ 13. Nxd2 b6 14. Qb3 Ba6
15. Bxa6 Qxa6 16. Rb1 Rc8 17. Kf2 O-O 18. Rhe1 Qa5 19. Qb4 Qxb4 20. Rxb4 Rc2 21.
Rb2 Rfc8 22. Reb1 b5 23. Rxc2 Rxc2 24. Rb2 d3 25. Ke3 bxa4 26. Rb7 Nf8 27. Rxa7
Rxa2 28. Kxd3 g5 29. fxg5 Ng6 30. Nf3 Nf4+ 31. Kd4 Nxg2 32. Kc5 Ne3 33. h4 Rc2+
34. Kd6 Nf5+ 35. Kd7 Rf2 36. Ne1 Nxh4 37. Rxa4 Ng6 38. Nd3 Rf5 0-1

[Event "Gibraltar Masters"]
[Site "Caleta ENG"]
[Date "2011.02.01"]
[Round "8.65"]
[White "Kuenitz, Klaus"]
[Black "Jaunooby, Ali R"]
[Result "0-1"]
[WhiteElo "1695"]
[BlackElo "2207"]
[WhiteFideId "4640713"]
[BlackFideId "413291"]
[EventDate "2011.01.25"]
[EventType "swiss"]

1. d4 Nf6 2. c4 c5 3. Nf3 g6 4. Nc3 d5 5. dxc5 Be6 6. Ng5 d4 7. Nxe6 fxe6 8. Nb5
Nc6 9. e3 e5 10. g3 a6 11. Na3 Qa5+ 12. Bd2 Qxc5 13. Bg2 Bg7 14. O-O O-O 15. Rc1
Rad8 16. Qa4 e4 17. b4 Qh5 18. Qd1 Qf5 19. Qb3 Ne5 20. c5+ Kh8 21. Nc4 Nf3+ 22.
Kh1 Ng4 23. h3 Nge5 24. Rcd1 Nd3 25. Bxf3 Qxh3+ 0-1

[Event "Gibraltar Masters"]
[Site "Caleta ENG"]
[Date "2011.02.01"]
[Round "8.66"]
[White "Wahlbom, Magnus"]
[Black "Hauge, Lars Oskar"]
[Result "1-0"]
[WhiteElo "2305"]
[BlackElo "1942"]
[WhiteFideId "1700685"]
[BlackFideId "1509276"]
[EventDate "2011.01.25"]
[EventType "swiss"]

1. d4 Nf6 2. c4 c5 3. d5 b5 4. cxb5 a6 5. e3 g6 6. Nc3 Bg7 7. Nf3 O-O 8. a4 d6
9. Ra3 Nbd7 10. h3 Qc7 11. bxa6 Bxa6 12. Bxa6 Rxa6 13. O-O Rfa8 14. e4 Nb6 15.
Re1 Nfd7 16. Qc2 c4 17. Be3 Nc5 18. Rea1 Nb3 19. R1a2 Qd7 20. a5 Nc8 21. Nd2
Nxd2 22. Bxd2 e6 23. Qa4 Nb6 24. Qb4 Nc8 25. Qxc4 Qe7 26. b4 R6a7 27. Nb5 Rd7
28. Qc6 Rb8 29. a6 Na7 30. Nxa7 Rxa7 31. b5 1-0

[Event "Gibraltar Masters"]
[Site "Caleta ENG"]
[Date "2011.02.01"]
[Round "8.67"]
[White "Memarian, Milad"]
[Black "Tabatt, Hendrik"]
[Result "1/2-1/2"]
[WhiteElo "2028"]
[BlackElo "2342"]
[WhiteFideId "12503193"]
[BlackFideId "4653572"]
[EventDate "2011.01.25"]
[EventType "swiss"]

1. Nf3 c5 2. e4 e6 3. c3 d5 4. exd5 exd5 5. d4 Nc6 6. Bb5 Nf6 7. O-O c4 8. b3
cxb3 9. Re1+ Be7 10. Ne5 Bd7 11. Nxd7 Qxd7 12. Nd2 b2 13. Bxb2 O-O 14. Nf3 Bd6
15. Ne5 Qc7 16. f4 Qb6 17. c4 Rad8 18. a4 dxc4 19. Nxc4 Qc7 20. Nxd6 Rxd6 21.
Bxc6 Rxc6 22. d5 Rd6 23. Rc1 Qd7 24. Bxf6 Rxf6 25. Qd4 h6 26. Qxa7 Rxf4 27. Rb1
Rxa4 28. Qxb7 Ra7 29. Qxd7 Rxd7 30. Rb5 1/2-1/2

[Event "Gibraltar Masters"]
[Site "Caleta ENG"]
[Date "2011.02.01"]
[Round "8.69"]
[White "Costello, Colin A"]
[Black "Meskovs, Nikita"]
[Result "0-1"]
[WhiteElo "1975"]
[BlackElo "2243"]
[WhiteFideId "403580"]
[BlackFideId "11602740"]
[EventDate "2011.01.25"]
[EventType "swiss"]

1. c4 Nf6 2. g3 g6 3. Bg2 Bg7 4. Nc3 O-O 5. Nf3 d6 6. O-O e5 7. d3 Nbd7 8. Rb1
a5 9. a3 Re8 10. Nd2 Nh5 11. Qc2 f5 12. b4 c6 13. Bb2 Qc7 14. b5 Nc5 15. bxc6
bxc6 16. Nb5 Qd7 17. d4 Nb7 18. dxe5 cxb5 19. cxb5 dxe5 20. Bc6 Qe7 21. Nc4 Rd8
22. Nb6 Rb8 23. Nd5 Qf7 24. Rfd1 Be6 25. Qc4 Kh8 26. f4 Nd6 27. Qa4 Ne4 28. Ne3
Rxd1+ 29. Qxd1 Qa7 30. b6 Qxb6 31. Bd4 Qxb1 0-1

[Event "Gibraltar Masters"]
[Site "Caleta ENG"]
[Date "2011.02.01"]
[Round "8.72"]
[White "Vogel, Jaap"]
[Black "Henderikse, Bert"]
[Result "1-0"]
[WhiteTitle "FM"]
[WhiteElo "2207"]
[BlackElo "2058"]
[WhiteFideId "1000764"]
[BlackFideId "1012266"]
[EventDate "2011.01.25"]
[EventType "swiss"]

1. Nf3 Nf6 2. d4 g6 3. g3 Bg7 4. Bg2 O-O 5. O-O d6 6. c4 Nbd7 7. Qc2 e5 8. Rd1
Re8 9. Nc3 c6 10. b3 e4 11. Ng5 d5 12. cxd5 cxd5 13. Nb5 Nf8 14. Nc7 Bf5 15.
Nxe8 e3 16. Nxf6+ Qxf6 17. Qc5 exf2+ 18. Kf1 Rc8 19. Qxd5 Rxc1 20. Raxc1 Qxg5
21. e4 1-0

[Event "Gibraltar Masters"]
[Site "Caleta ENG"]
[Date "2011.02.01"]
[Round "8.73"]
[White "Lacrosse, Marc"]
[Black "Scholzen, Wolfgang"]
[Result "1/2-1/2"]
[WhiteTitle "FM"]
[WhiteElo "2181"]
[BlackElo "2057"]
[WhiteFideId "200921"]
[BlackFideId "24637629"]
[EventDate "2011.01.25"]
[EventType "swiss"]

1. d4 d5 2. c4 e6 3. Nf3 Nf6 4. Bg5 Be7 5. Nc3 O-O 6. e3 Nbd7 7. cxd5 Nxd5 8.
Bxe7 Qxe7 9. Rc1 c6 10. Bd3 Nxc3 11. Rxc3 e5 12. Qc2 g6 13. O-O Re8 14. Bc4 exd4
15. Nxd4 Nb6 16. Bb3 Qf6 17. Rd1 Be6 18. Nxe6 fxe6 19. e4 Re7 20. g3 Rf8 21. f4
Kg7 22. a4 e5 23. a5 Nc8 24. Rf3 b6 25. axb6 Nxb6 26. Rdf1 exf4 27. Rxf4 Qd4+
28. Qf2 Qxf2+ 29. R1xf2 Rxf4 30. Rxf4 c5 31. Kf2 c4 32. Bc2 Re5 33. Rf3 Rb5 34.
b3 Ra5 35. Ke1 Ra1+ 36. Kd2 Ra2 37. Kc1 Ra5 38. Kb2 Re5 39. b4 a5 40. Ka3 Rb5
41. bxa5 Rxa5+ 42. Kb4 Re5 43. Kc3 Nd7 44. Kxc4 Rc5+ 45. Kb3 Ne5 46. Rf2 h5 47.
Bd1 Rc4 48. Bc2 Rc5 49. Rd2 Rc6 50. Rd5 Kf6 51. Bd1 Rc7 52. Be2 Ke6 53. h4 Rc1
54. Rd1 Rxd1 55. Bxd1 Nd7 1/2-1/2

[Event "Gibraltar Masters"]
[Site "Caleta ENG"]
[Date "2011.02.01"]
[Round "8.74"]
[White "Helin, Mikael"]
[Black "Seyfried, Claus"]
[Result "0-1"]
[WhiteElo "1914"]
[BlackElo "2173"]
[WhiteFideId "1703838"]
[BlackFideId "1271085"]
[EventDate "2011.01.25"]
[EventType "swiss"]

1. e4 d5 2. d4 dxe4 3. Nc3 Nf6 4. f3 c6 5. Bc4 b5 6. Bb3 exf3 7. Nxf3 b4 8. Na4
e6 9. O-O Be7 10. c3 a5 11. Ne5 O-O 12. Qf3 Ba6 13. Re1 Bb5 14. Qh3 Ra7 15. Nc5
Bxc5 16. dxc5 Nbd7 17. Bg5 Nxe5 18. Rxe5 Qd3 19. Re3 Qg6 20. Rg3 Nh5 21. Rg4 Be2
22. Qe3 Bxg4 23. h3 Bf5 24. g4 h6 25. Bh4 Nf6 26. Kh2 Be4 27. g5 Nd5 28. Qd2
bxc3 29. bxc3 h5 30. Bg3 Qf5 31. Re1 Qf3 32. Bd1 Qxc3 33. Qe2 Bg6 34. Bd6 Rd8
35. Bb3 Rb7 36. Qe5 Qxe5+ 37. Rxe5 Rb4 38. Bxd5 exd5 39. Kg3 h4+ 40. Kf3 Bh5+
41. Ke3 Rb2 42. Kd4 Rxa2 43. Re7 Rc8 44. Ra7 a4 45. Bc7 Re8 46. Ra6 Re4+ 47. Kc3
Rc4+ 48. Kd3 Be2+ 0-1

[Event "Gibraltar Masters"]
[Site "Caleta ENG"]
[Date "2011.02.01"]
[Round "8.75"]
[White "Winkler, Stefan1"]
[Black "Lasinskas, Povilas"]
[Result "1-0"]
[BlackTitle "FM"]
[WhiteElo "1867"]
[BlackElo "2164"]
[WhiteFideId "4698142"]
[BlackFideId "12800503"]
[EventDate "2011.01.25"]
[EventType "swiss"]

1. e4 e5 2. Nf3 d6 3. d4 Nd7 4. Bc4 c6 5. O-O Qc7 6. Be3 h6 7. Nh4 Ngf6 8. Nd2
Nb6 9. Bb3 Be7 10. Nf5 Bxf5 11. exf5 e4 12. c4 d5 13. c5 Nbd7 14. f3 O-O 15.
fxe4 Nxe4 16. Nxe4 dxe4 17. Qh5 Nf6 18. Qg6 Nd5 19. Bxd5 cxd5 20. Qg4 Bf6 21.
Bxh6 Bxd4+ 22. Kh1 f6 23. Rad1 Bxb2 24. Rxd5 Rfe8 25. Rfd1 Re7 26. Bf4 Qc6 27.
h4 Rae8 28. Bd6 Rd7 29. h5 b6 30. h6 Re5 31. Bxe5 1-0

[Event "Gibraltar Masters"]
[Site "Caleta ENG"]
[Date "2011.02.01"]
[Round "8.76"]
[White "Becker, Thomas1"]
[Black "Jameson, David"]
[Result "1-0"]
[WhiteElo "2031"]
[BlackElo "2054"]
[WhiteFideId "4624904"]
[BlackFideId "1801538"]
[EventDate "2011.01.25"]
[EventType "swiss"]

1. e4 e5 2. Nf3 Nc6 3. Bc4 Bc5 4. c3 Nf6 5. d3 Bb6 6. Nbd2 O-O 7. O-O h6 8. Bb5
Re8 9. Nc4 d6 10. a4 a6 11. Nxb6 cxb6 12. Bc4 Be6 13. Re1 Bxc4 14. dxc4 Na5 15.
b3 Qc7 16. Ba3 Rad8 17. Qc2 Qc6 18. Bb4 Rd7 19. Rad1 Red8 20. Nd2 Qc7 21. Nf1
Nc6 22. Ba3 Ne7 23. Ne3 Qc6 24. f3 Rc7 25. Rd3 Rcd7 26. Red1 Ne8 27. g3 g6 28.
Qd2 Kg7 29. Ng4 f6 30. Qxh6+ Kf7 31. Qh7+ Ke6 32. Nh6 Rc7 33. Qf7+ Kd7 34. Ng8
Kc8 35. Nxe7+ Rxe7 36. Qxe7 f5 37. Qxd8+ Kxd8 38. Rxd6+ Nxd6 39. Rxd6+ Qxd6 40.
Bxd6 fxe4 41. fxe4 Kd7 42. Bxe5 1-0

[Event "Gibraltar Masters"]
[Site "Caleta ENG"]
[Date "2011.02.01"]
[Round "8.77"]
[White "Daoudi, Kamal"]
[Black "Compton, Alistair"]
[Result "1-0"]
[WhiteElo "2155"]
[BlackElo "2046"]
[WhiteFideId "9001069"]
[BlackFideId "4300645"]
[EventDate "2011.01.25"]
[EventType "swiss"]

1. e4 e6 2. d4 d5 3. e5 c5 4. c3 Nc6 5. Nf3 Bd7 6. a3 Nge7 7. b4 cxd4 8. cxd4
Nf5 9. Bb2 b5 10. g4 Nh4 11. Nbd2 Nxf3+ 12. Nxf3 a5 13. Bxb5 axb4 14. a4 Na5 15.
Nd2 Be7 16. Bd3 Rc8 17. O-O O-O 18. Qe2 f6 19. f4 fxe5 20. fxe5 Qb6 21. Kg2 Bc6
22. Kg3 Rxf1 23. Rxf1 Bxa4 24. h4 Qd8 25. Nf3 Bb3 26. Nd2 Bc4 27. Nxc4 dxc4 28.
Be4 c3 29. g5 g6 30. Qa6 cxb2 31. Qxe6+ Kh8 32. Rf7 Rc6 33. Qxe7 Qxe7 34. Rxe7
Rc8 35. h5 Nb3 36. hxg6 hxg6 37. d5 Nd4 38. Bxg6 b3 39. e6 Nc2 40. Rh7+ Kg8 41.
Rh1 Kg7 42. d6 Kxg6 43. d7 Rc3+ 44. Kf2 Nb4 45. d8=Q Rc2+ 46. Ke3 Rc3+ 47. Ke4
Rc4+ 48. Qd4 Rxd4+ 49. Kxd4 Kxg5 50. Kc4 Nc6 51. Kc5 Ne7 52. Kd6 Nf5+ 53. Kd7 1-0

[Event "Gibraltar Masters"]
[Site "Caleta ENG"]
[Date "2011.02.01"]
[Round "8.78"]
[White "Kandic, Milan"]
[Black "Knudsen, Jes West"]
[Result "1-0"]
[WhiteElo "2143"]
[BlackElo "2000"]
[WhiteFideId "926752"]
[BlackFideId "1405985"]
[EventDate "2011.01.25"]
[EventType "swiss"]

1. e4 Nf6 2. e5 Nd5 3. d4 d6 4. Nf3 Bg4 5. Be2 c6 6. O-O Nd7 7. c4 Nc7 8. Ng5
Bf5 9. exd6 exd6 10. Re1 Be7 11. Bd3 Bxd3 12. Qxd3 h6 13. Ne4 O-O 14. Qg3 Kh7
15. Nxd6 Nf6 16. Nf5 Ne6 17. Rxe6 Nh5 18. Qd3 fxe6 19. Nxe7+ 1-0